| 000 | 00768nam a2200217Ii 4500 | ||
|---|---|---|---|
| 003 | JO-AjNU | ||
| 008 | 230605s9999||||xx |||||||||||||| ||und|| | ||
| 017 | _a2008/7/2298 | ||
| 040 |
_aJO-AjNU _bara _erda _cJO-AjNU |
||
| 041 | _aara | ||
| 050 | 1 | 4 | _aLB1027.5.A28 2009 |
| 100 | 3 |
_aأبو أسعد،أحمد مؤلف/عربيات،أحمد م.مشارك, _eauthor _928552 |
|
| 245 | 0 | 0 | _aنظريات الإرشاد النفسي والتربوي |
| 250 | _aط1 | ||
| 264 | 3 | 1 | _aعمان:دار المسيرة،2009 |
| 300 | _a474ص | ||
| 336 |
_atext _btxt _2rdacontent |
||
| 337 |
_aunmediated _bn _2rdamedia |
||
| 338 |
_avolume _bnc _2rdacarrier |
||
| 650 | 4 |
_aالإرشاد النفسي-التوجيه التربوي-علم النفس التربوي _928553 |
|
| 999 |
_aA11089 _c14657 _d14657 |
||